Assertive religious identities: India and Europe (Record no. 6049)

MARC details
000 -LEADER
fixed length control field 00511nam a2200193Ia 4500
020 ## - INTERNATIONAL STANDARD BOOK NUMBER
ISBN 8173046735
082 ## - DEWEY DECIMAL CLASSIFICATION NUMBER
Classification number 306.6 ASS-
245 #0 - TITLE STATEMENT
Title Assertive religious identities: India and Europe
260 ## - PUBLICATION, DISTRIBUTION, ETC. (IMPRINT)
Place of publication New Delhi
Name of publisher Manohar Publishers
Year of publication 2006
300 ## - PHYSICAL DESCRIPTION
Number of Pages 480
504 ## - BIBLIOGRAPHY, ETC. NOTE
Bibliography, etc includes index
650 ## - SUBJECT ADDED ENTRY--TOPICAL TERM
Topical Term Religion and politics
Geographic subdivision India
650 ## - SUBJECT ADDED ENTRY--TOPICAL TERM
Topical Term Religion and sociology
Geographic subdivision India
650 ## - SUBJECT ADDED ENTRY--TOPICAL TERM
Topical Term Hinduism
Geographic subdivision India
650 ## - SUBJECT ADDED ENTRY--TOPICAL TERM
Topical Term Islam
Geographic subdivision India
700 ## - ADDED ENTRY--PERSONAL NAME
Personal name Hasan, Mushirul
700 ## - ADDED ENTRY--PERSONAL NAME
Personal name Saberwal, Satish
942 ## - ADDED ENTRY ELEMENTS (KOHA)
Koha item type Books
Holdings
Withdrawn status Lost status Damaged status Not for loan Home library Current library Date acquired Source of acquisition Bill Date Full call number Accession Number Price effective from Koha item type
        NASSDOC Library NASSDOC Library 04/04/2008 MAN 2008-03-20 306.6 ASS- 44294 18/04/2019 Books